000 00579nam a2200169 i 4500
001 149714
003 ES-MaACL
005 20230906203226.0
007 t|
008 071024s1968 sp ||||1| spa d
111 2 _aConcilio Vaticano (
_n2º.
_d1962-1965)
_9122
245 1 0 _aVaticano II
_b: [Constituciones. Decretos. Declaraciones] /
_cversión... por un grupo de especialistas bajo la coordinacion del Dr. Manuel Morera.
260 _aMadrid :
_bPalabra,
_c[1968]
300 _a693 p. ;
_c27 cm.
700 1 _aMorera, Manuel.
_983459
852 _aES-MaACL
_jG-5483
_bR.65765
999 _c149714
_d149714